The largest streaming platforms - Statistics

General Stats
  • This quiz has been taken 56 times
  • The average score is 5 of 12
Answer Stats
Users Streaming Platforms % Correct
259M Netflix
98%
191M Disney+
81%
48M Hulu
81%
228M Amazon
80%
95M HBO
61%
66M Paramount+
57%
44M AppleTV+
39%
55M YouTubeTV
11%
121M iQIYI
7%
107M Youku
7%
146M Tencent Video
6%
40M ALTBalaji
4%
No matching quizzes found
Score Distribution
Percent of People with Each Score
Percentile by Number Answered
Your Score History
You have not taken this quiz